| 000 | 00426nam a2200181Ia 4500 | ||
|---|---|---|---|
| 001 | 15222 | ||
| 005 | 20260306165012.0 | ||
| 008 | 260306t2012||||xx |||||||||||||| ||spa|| | ||
| 041 | _aESP | ||
| 082 |
_a530.141 _bH28 |
||
| 100 |
_aHayt, William H. _eAUT |
||
| 245 | 0 | _aTeoría electromagnética | |
| 260 | _c2012 | ||
| 300 |
_axiv, 507 páginas : _c27 cm. |
||
| 650 | _aGEN | ||
| 654 | _aCCN | ||
| 942 |
_cLIB _dJUS _fJUS _2ddc _n |
||
| 999 |
_c15222 _d15222 |
||